[Event "Basingstoke 4NCL Spring Bank 2nd U2050"]
[Site "Basingstoke"]
[Date "2019.05.27"]
[Round "7"]
[White "Redmond, Michael F"]
[Black "Chantrell, Paul"]
[Result "1-0"]
[WhiteElo "1686"]
[BlackElo "1620"]
[PlyCount "131"]
[EventDate "2019.05.24"]
[EventType "swiss"]
[EventRounds "7"]
[EventCountry "ENG"]
[SourceTitle "EXT 2020"]
[Source "ChessBase"]
[SourceDate "2019.10.17"]
[SourceVersion "1"]
[SourceVersionDate "2019.10.17"]
[SourceQuality "1"]

1. d4 d5 2. Bf4 Bf5 3. e3 e6 4. Nf3 Nf6 5. Nbd2 h6 6. h3 Bd6 7. Ne5 c6 8. Bd3 Bh7 9. Bxh7 Rxh7 10. c3 g5 11. Bh2 Ng8 12. Qc2 f5 13. 0-0-0 Na6 14. g4 Qf6 15. Kb1 0-0-0 16. f4 Bxe5 17. fxg5 Qxg5 18. Bxe5 Rf7 19. Bf4 Qg7 20. Rhg1 Qh7 21. gxf5 Rxf5 22. Be5 Rd7 23. e4 Rf2 24. exd5 Qf7 25. dxc6 bxc6 26. Qe4 Kb7 27. Qg6 Qxg6+ 28. Rxg6 Ne7 29. Rxe6 Nd5 30. Ne4 Rg2 31. Nd6+ Kb6 32. Re1 Nac7 33. Rxh6 Nb5 34. Nc4+ Kb7 35. Na5+ Kb6 36. Nxc6 Nbxc3+ 37. Ka1 Kb5 38. Bf4 Na4 39. Bc1 Nab6 40. Ne5 Rc7 41. Nd3 Rcc2 42. Rh5 Kc4 43. Rd1 Rh2 44. Rh8 a5 45. Rh6 Kb5 46. Rh5 a4 47. a3 Kc4 48. Ne5+ Kb5 49. Nd3 Kc4 50. Ne5+ Kb5 51. Ng4 Rhe2 52. Ne3 Rxc1+ 53. Rxc1 Rxe3 54. Rc5+ Ka6 55. Rcxd5 Nxd5 56. Rxd5 Rxh3 57. Rc5 Rd3 58. Rc4 Kb5 59. Rb4+ Ka5 60. Kb1 Rd2 61. Kc1 Rh2 62. d5 Rg2 63. Rd4 Kb5 64. d6 Rg1+ 65. Kc2 Kc5 66. d7 1-0

[Event "Basingstoke 4NCL Spring Bank 2nd U2050"]
[Site "Basingstoke"]
[Date "2019.05.26"]
[Round "4"]
[White "Turner, Sam"]
[Black "Redmond, Michael F"]
[Result "0-1"]
[WhiteElo "1652"]
[BlackElo "1686"]
[PlyCount "94"]
[EventDate "2019.05.24"]
[EventType "swiss"]
[EventRounds "7"]
[EventCountry "ENG"]
[SourceTitle "EXT 2020"]
[Source "ChessBase"]
[SourceDate "2019.10.17"]
[SourceVersion "1"]
[SourceVersionDate "2019.10.17"]
[SourceQuality "1"]

1. d4 Nf6 2. c4 e6 3. g3 Bb4+ 4. Bd2 Qe7 5. a3 Bxd2+ 6. Nxd2 d5 7. Bg2 0-0 8. Qc2 c6 9. Ngf3 Nbd7 10. 0-0 e5 11. e4 dxe4 12. Nxe4 Nxe4 13. Qxe4 f5 14. Qe2 e4 15. Nd2 Nf6 16. f3 Qd6 17. Qe3 exf3 18. Nxf3 Ng4 19. Qf4 Qxf4 20. gxf4 Ne3 21. Rfc1 Be6 22. b3 Rad8 23. Rc3 Ng4 24. Rd3 b5 25. cxb5 cxb5 26. h3 Nf6 27. Ne5 Bd5 28. Rc1 Bxg2 29. Kxg2 Nd5 30. Kf3 Rc8 31. Rc5 Rfd8 32. Rxb5 Rc1 33. Rb7 Rf1+ 34. Kg2 Ra1 35. Rxa7 Nxf4+ 36. Kg3 Nxd3 37. Nxd3 Rxd4 38. Ne5 g6 39. Ra8+ Kg7 40. Ra7+ Kf6 41. Nd7+ Kg5 42. Ne5 f4+ 43. Kf3 Rc1 44. Nf7+ Kh4 45. Nh6 Rc3+ 46. Ke2 f3+ 47. Ke1 Kg3 0-1

[Event "Basingstoke 4NCL Spring Bank 2nd U2050"]
[Site "Basingstoke"]
[Date "2019.05.25"]
[Round "2"]
[White "Pal, Rohan"]
[Black "Redmond, Michael F"]
[Result "1/2-1/2"]
[WhiteElo "1430"]
[BlackElo "1686"]
[PlyCount "120"]
[EventDate "2019.05.24"]
[EventType "swiss"]
[EventRounds "7"]
[EventCountry "ENG"]
[SourceTitle "EXT 2020"]
[Source "ChessBase"]
[SourceDate "2019.10.17"]
[SourceVersion "1"]
[SourceVersionDate "2019.10.17"]
[SourceQuality "1"]

1. e4 c6 2. d4 d5 3. exd5 cxd5 4. Bd3 Nf6 5. c3 Bg4 6. Ne2 e6 7. 0-0 Bd6 8. Bg5 Nbd7 9. Nd2 Qc7 10. h3 Bh5 11. Qc2 Bg6 12. Rad1 Bxd3 13. Qxd3 h6 14. Be3 Nb6 15. Rfe1 Rc8 16. Kh1 Nc4 17. Nxc4 dxc4 18. Qc2 0-0 19. Qd2 Ne4 20. Qc2 f5 21. f4 Qf7 22. Rf1 Be7 23. Bf2 b5 24. Ng3 Nf6 25. Rfe1 Rfe8 26. Qe2 Bd6 27. Qf3 Nd5 28. Be3 Qc7 29. Rf1 a5 30. Nxf5 Bxf4 31. Bxf4 Qxf4 32. Qxf4 Nxf4 33. Nd6 Nd3 34. Nxe8 Rxe8 35. Rd2 Rb8 36. b3 e5 37. dxe5 Nxe5 38. Rd5 Nd3 39. Rd7 Nc5 40. Rc7 Ne6 41. Re7 Rb6 42. Rff7 cxb3 43. axb3 Rc6 44. Rf5 Nc7 45. Rff7 Ne6 46. Rf3 Ng5 47. Rd3 a4 48. bxa4 bxa4 49. Ra7 Ne4 50. Rdd7 Ng3+ 51. Kh2 Nf5 52. Rdc7 Re6 53. Rxa4 Re2 54. Rca7 Rc2 55. Rc7 Ne3 56. Kg3 Nf1+ 57. Kf3 Nh2+ 58. Kg3 Nf1+ 59. Kf3 Nh2+ 60. Kg3 Nf1+ 1/2-1/2

[Event "Basingstoke Spring Bank op U1825"]
[Site "Basingstoke"]
[Date "2018.05.26"]
[Round "2.19"]
[White "Redmond, Michael F"]
[Black "O'Brien, Paul W"]
[Result "1-0"]
[WhiteElo "1787"]
[BlackElo "1442"]
[PlyCount "75"]
[EventDate "2018.05.25"]
[EventType "swiss"]
[EventRounds "7"]
[EventCountry "ENG"]
[SourceTitle "EXT 2023"]
[Source "ChessBase"]
[SourceDate "2022.10.05"]
[SourceVersion "1"]
[SourceVersionDate "2022.10.05"]
[SourceQuality "1"]

1. Nf3 f5 2. d3 Nf6 3. g3 d6 4. Bg2 e5 5. Nc3 Be7 6. 0-0 0-0 7. e3 Qe8 8. h4 Qh5 9. Nh2 Ng4 10. Bf3 Bxh4 11. Bxg4 fxg4 12. gxh4 Qxh4 13. Ne4 Nc6 14. Qe1 d5 15. f3 Qxe1 16. Rxe1 dxe4 17. fxe4 h5 18. Bd2 Be6 19. a3 a5 20. Rf1 Rxf1+ 21. Nxf1 Rf8 22. Be1 g5 23. c3 h4 24. d4 exd4 25. cxd4 Bc4 26. Nd2 Bd3 27. Rc1 Rf7 28. Rc5 Rg7 29. Rc3 Be2 30. e5 Rf7 31. e6 Re7 32. Rc5 Rg7 33. Ne4 Kf8 34. Rf5+ Ke7 35. d5 Nd8 36. Bxa5 b6 37. Bb4+ Ke8 38. Rf8# 1-0